00980nas a2200241Ia 4500001001100000003000900011008004100020040001300061040001300074041001300087100003800100210002100138222002100159245008100180250001100261260003600272501008600308300001000394310001200404362002600416500026000442650003600702R022/85997IT-RoPAU151124c99999999xx |||||||||||| ||und|| aIT-RoPAU cIT-RoPAU aITALIANO aAA.VV. gCodice Aut. SPICS: 12000 aINFORMAZIONI MCS aInformazioni Mcs aINFORMAZIONI MCS, ANNO 33-N.03 (1990)bInformazioni Mcs, Anno 33-N.03 (1990) a1a ed. aVICENZAbINFORMAZIONI MCSc1990 bPaulus - SPICS - Società San Paolo EM (non-commercial uses only)cCopyright2015 a28 p. aMENSILE aANNO 033, N.03 (1990) aFunzioni e Prospettive del Video-Telefono e della Trasmissione Via Cavo: Infrastrutture della Comunicazione. Cinema e Famiglia: Nuovi Modelli e Problemi. Problemi Operativi Circa L'Uso della Sala Cinematografica. Schede e Recensioni dei Film: Tamporo di J aCINEMAvPUBBLICAZIONE PERIODICA